00813cam a22002771 4500001001300000003000400013005001700017008004100034010001700075025001900092035002000111040002500131041001300156042001200169050001700181100002300198245008200221260003800303300001900341500001300360504003100373650004400404700003300448740003700481999001700518sa 68005759 DLC20260227112511.0890821s1966 ii b 000 0 urd  asa 68005759  aPL480:I-U-2112 a(OCoLC)20225516 aDLCcMiEMdMiEMdDLC1 aurdheng apremarc00aPK2155b.S321 aSaksena, Ram Babu.10aTārīkh-i-Adab-i-Urdū:bHistory of Urdu Literature,cRām Babu Saksena. aDehlib[Chaman Book Depot,c1966] a868 p.c18 cm. aIn Urdu. aBibliographical footnotes. 0aUrdu literaturexHistory and criticism.1 aʻAskarī, Muḥammad,etr.0 aHistrī āf Urdū liṭrecar. c80940d80940